000 00558nam a22002057a 4500
999 _c6054
_d6054
003 OSt
005 20211203113409.0
008 180319b xxu||||| |||| 00| 0 eng d
020 _a0582297656
040 _cDDC
082 _a547 GRO 1997
100 _aGroundwater, Paul W.; Taylor, Giles A.
_912545
245 _aOrganic Chemistry for Students of Health and Life Sciences
250 _a4th ed.
260 _aEngland; Longman, 1997
300 _a212p; ill: 25cm
504 _aIndex included
650 _aOrganic Chemistry
_9814
942 _2ddc
_cO_SHELF